书目信息 |
| 题名: |
考研词汇闪过
|
|
| 作者: | 张国静 主编 | |
| 分册: | ||
| 出版信息: | 北京 世界图书出版公司 2018.03 |
|
| 页数: | 500页 | |
| 开本: | 21cm | |
| 丛书名: | ||
| 单 册: | ||
| 中图分类: | H319.34 , H313 | |
| 科图分类: | ||
| 主题词: | 英语--ying yu--词汇--硕士生入学考试--升学参考资料 | |
| 电子资源: | ||
| ISBN: | 978-7-5192-4411-8 | |
| 000 | 01147nam0 2200277 450 | |
| 001 | 2532909621 | |
| 005 | 20250304091036.31 | |
| 010 | @a978-7-5192-4411-8@dCNY89.80 | |
| 100 | @a20220415d2018 em y0chiy50 ea | |
| 101 | 0 | @achi@aeng |
| 102 | @aCN@b610000 | |
| 102 | @aCN@b110000 | |
| 105 | @aa z 001yy | |
| 200 | 1 | @a考研词汇闪过@Akao yan ci hui shan guo@e划重点,收词全@f张国静主编@Fzhang guo jing zhu bian |
| 210 | @a北京@c世界图书出版公司@d2018.03 | |
| 215 | @a500页@c图@d21cm | |
| 300 | @a考研英语 (一) (二) 均适用 闪过 | |
| 320 | @a有索引 | |
| 330 | @a本书收录了最新的考研英语大纲词汇, 更在此基础上悉心研究了历次考研真题, 对真题中出现的大纲词汇进行了统计和科学的数据分析, 最终将考研词汇分为必考词、必考词 (熟词僻义) 、基础词、偶考词、超纲词。同时, 对频率较高的词汇全面整理深度剖析, 创造“词根词缀记忆法”, 用高效的方式带领考生轻松记忆单词。 | |
| 517 | 1 | @a划重点,收词全@AHua Zhong Dian,Shou Ci Quan |
| 606 | 0 | @a英语@Aying yu@x词汇@x硕士生入学考试@j升学参考资料 |
| 690 | @aH319.34@v5 | |
| 690 | @aH313@v4 | |
| 701 | 0 | @a张国静@Azhang guo jing@4主编 |
| 801 | 0 | @aCN@b河南城建学院图书馆@c20220910 |
| 905 | @dH313@eZ1021@f2 | |
| 考研词汇闪过:划重点,收词全/张国静主编.-北京:世界图书出版公司,2018.03 |
| 500页:图;21cm |
| 考研英语 (一) (二) 均适用 闪过 |
| ISBN 978-7-5192-4411-8:CNY89.80 |
| 本书收录了最新的考研英语大纲词汇, 更在此基础上悉心研究了历次考研真题, 对真题中出现的大纲词汇进行了统计和科学的数据分析, 最终将考研词汇分为必考词、必考词 (熟词僻义) 、基础词、偶考词、超纲词。同时, 对频率较高的词汇全面整理深度剖析, 创造“词根词缀记忆法”, 用高效的方式带领考生轻松记忆单词。 |
| ● |
| 相关链接 |
|
|
|
正题名:考研词汇闪过
索取号:H313/Z1021
 
预约/预借
| 序号 | 登录号 | 条形码 | 馆藏地/架位号 | 状态 | 备注 |
| 1 | 1554525 | 215545257 | 语言库209/209语言库 104排9列1层/ [索取号:H313/Z1021] | 在馆 | |
| 2 | 1554526 | 215545266 | 语言库209/209语言库 104排9列1层/ [索取号:H313/Z1021] | 在馆 |